Statistics for Neighboring Capital Cities with the Biggest Time Difference

Click here to take the quiz!

General Stats

  • This quiz has been taken 201 times
    (104 since last reset)
  • The average score is 12 of 14

Answer Stats

Capital% Correct
Beijing
99%
Moscow
99%
New Delhi
96%
Ulaanbaatar
94%
Pyongyang
90%
Kabul
89%
Brasilia
87%
Kathmandu
86%
Islamabad
82%
Paris
82%
Paramaribo
77%
Dushanbe
74%
Jakarta
67%
Port Moresby
63%

Score Distribution

Percentile by Number Answered

Percent of People with Each Score

Your Score History

You have not taken this quiz since the last reset